[Event "FRA-chT2"]
[Site "France"]
[Date "2002.03.24"]
[Round "11.7"]
[White "Faure, Stephane"]
[Black "Daumas, Richard"]
[Result "1/2-1/2"]
[WhiteElo "2132"]
[BlackElo "2130"]
[PlyCount "101"]
[EventDate "2002.??.??"]
[EventType "team"]
[EventRounds "11"]
[EventCountry "FRA"]
[SourceTitle "EXT 2003"]
[Source "ChessBase"]
[SourceDate "2002.11.25"]
[SourceVersion "1"]
[SourceVersionDate "2002.11.25"]
[SourceQuality "1"]

1. d4 d5 2. c4 c6 3. Nf3 Nf6 4. Nc3 dxc4 5. a4 Na6 6. e4 Bg4 7. Bxc4 Bxf3 8. gxf3 e6 9. 0-0 Nb4 10. Bg5 Be7 11. f4 h6 12. Bxf6 Bxf6 13. Qb3 Be7 14. f5 Qxd4 15. Rad1 Qf6 16. fxe6 fxe6 17. Bxe6 Rd8 18. e5 Qg6+ 19. Kh1 Rxd1 20. Nxd1 Qd3 21. Bf7+ Kd8 22. Qc4 Qxc4 23. Bxc4 a6 24. Ne3 b5 25. axb5 cxb5 26. Rd1+ Kc7 27. Be6 Rd8 28. Rxd8 Kxd8 29. Bf5 Bc5 30. Kg2 Bxe3 31. fxe3 Nc6 32. e6 Ke7 33. Kf3 Nd8 34. Ke4 Nxe6 35. Kd5 Nc7+ 36. Kc6 Ne8 37. Kb6 Nd6 38. Bd3 g5 39. Kxa6 h5 40. Bg6 h4 41. Bh5 Kf6 42. Kb6 Ke5 43. Bf3 Nc4+ 44. Kxb5 Nxb2 45. Kb4 Nd3+ 46. Kc3 Ne1 47. Bb7 g4 48. Kd2 Nf3+ 49. Bxf3 gxf3 50. Kd3 Kd5 51. e4+ 1/2-1/2

[Event "FRA-chT2"]
[Site "France"]
[Date "2001.??.??"]
[Round "3"]
[White "Coulon, Guillaume"]
[Black "Daumas, Richard"]
[Result "0-1"]
[WhiteElo "2130"]
[BlackElo "2120"]
[PlyCount "106"]
[EventDate "2002.??.??"]
[EventType "team"]
[EventRounds "11"]
[EventCountry "FRA"]
[SourceTitle "EXT 2003"]
[Source "ChessBase"]
[SourceDate "2002.11.25"]
[SourceVersion "1"]
[SourceVersionDate "2002.11.25"]
[SourceQuality "1"]

1. e4 c5 2. Nf3 e6 3. d4 cxd4 4. Nxd4 Nf6 5. Nc3 Nc6 6. Nxc6 bxc6 7. e5 Nd5 8. Ne4 Qc7 9. Nd6+ Bxd6 10. exd6 Qxd6 11. Be2 Qb4+ 12. c3 Qb6 13. 0-0 Ne7 14. b3 0-0 15. Ba3 Re8 16. Bxe7 Rxe7 17. Qd6 Re8 18. c4 a5 19. Rfd1 Qb8 20. Bf3 Qxd6 21. Rxd6 Kf8 22. Rad1 Ra7 23. g3 Ke7 24. Be2 Ba6 25. Kf1 Rb8 26. R1d2 c5 27. f4 Bc8 28. f5 Ra6 29. Rxa6 Bxa6 30. fxe6 fxe6 31. Bd3 g6 32. Be4 Bb7 33. Bxb7 Rxb7 34. Ke2 a4 35. Rd3 axb3 36. axb3 Ra7 37. Kf3 Ra1 38. Kf4 h6 39. h4 Rf1+ 40. Ke4 g5 41. hxg5 hxg5 42. Rd2 g4 43. Rd3 Rf5 44. Rc3 Kd6 45. Rd3+ Kc6 46. Re3 Kb6 47. Rd3 Rf7 48. Rd6+ Kc7 49. Rd3 Kc6 50. Re3 d5+ 51. Kd3 Kd6 52. cxd5 exd5 53. Kd2 Rf5 0-1